01849nam a2200325 a 450000100100000000500170001000800410002702000350006802000340010302000290013704000250016608200160019110000270020724500540023426000370028830000320032550000260035759000260038350500620040995201230047195201230059495201230071795201080084095201140094895201080106295201140117095201080128495201140139299900170150600004779420201002060736.0180810s2017 dr ac 000 0 spa d a9789945124781 (teacher's book) z9789945124629 (students book) z9789945124629 (workbook) aDO-SdBNPbspacBNPHU axxxxbB598e1 aBillini, Raúl97494310aEnglish for secondary school 3 /cRaúl Billini. aSanto Domingo :bSusaeta,c2017. av. :bil., retrs. ;c29 cm. aNew curriculum design aInventariado, 2018/LP0 gv.1.tteacher's bookgv.2.tstudents bookgv.3.tworkbook 001054708PDaGRbGRcHDd2018-08-10iLF1l0ov. 1, e. 3p47794-30r2020-06-25w2020-06-25yLFPDZPréstamo en sala 001054708PDaGRbGRcHDd2018-12-17iLF1l0ov. 2, e. 3p47794-60r2020-06-25w2020-06-25yLFPDZPréstamo en sala 001054708PDaGRbGRcHDd2018-12-17iLF1l0ov. 3, e. 3p47794-90r2020-06-25w2020-06-25yLFPDZPréstamo en sala 0010718PDaPDbPDcHDd2018-08-10iLF1l0ov. 1p47794-10r2020-06-25w2020-06-25yLFPDZNo se presta 0010718PDaPDbPDcHDd2018-08-10iLF1l0ov. 1, e. 2p47794-20r2020-06-25w2020-06-25yLFPDZNo se presta 0010718PDaPDbPDcHDd2018-12-17iLF1l0ov. 2p47794-40r2020-06-25w2020-06-25yLFPDZNo se presta 0010718PDaPDbPDcHDd2018-12-17iLF1l0ov. 2, e. 2p47794-50r2020-06-25w2020-06-25yLFPDZNo se presta 0010718PDaPDbPDcHDd2018-12-17iLF1l0ov. 3p47794-70r2020-06-25w2020-06-25yLFPDZNo se presta 0010718PDaPDbPDcHDd2018-12-17iLF1l0ov. 3, e. 2p47794-80r2020-06-25w2020-06-25yLFPDZNo se presta c47282d47282